000 00462cam a22001934a 4500
005 20250605164258.0
008 250528s ||||||||||||||||||||||||d
035 _a21946
020 _a9781848622500
040 _aGR-AtMCL
_bgre
_dGR-AtMCL
_eAACR2
245 1 _aFCE PRACTICE EXAM PAPERS 2
250 _a1
260 _bExpress Publishing,
_c2008
300 _a167
700 1 _aEvans Virginia
_93804
942 _cBK
999 _c7003
_d7003